[Event "47th Biel Master Open"]
[Site "Biel SUI"]
[Date "2014.07.17"]
[Round "4.12"]
[White "Antipov, Mikhail Al."]
[Black "Cebalo, Miso"]
[Result "1-0"]
[WhiteTitle "GM"]
[BlackTitle "GM"]
[WhiteElo "2502"]
[BlackElo "2426"]
[WhiteFideId "4107012"]
[BlackFideId "14500094"]
[EventDate "2014.07.14"]

1. e4 c5 2. Nf3 Nc6 3. Bb5 d6 4. O-O Bd7 5. c3 Nf6 6. Re1 a6 7. Bf1 Bg4 8. d4
Bxf3 9. gxf3 cxd4 10. cxd4 e5 11. d5 Nb8 12. Qb3 b6 13. Qa4+ Nfd7 14. Be3 Be7
15. Nd2 O-O 16. Rac1 Ra7 17. Qa3 Rb7 18. Rc2 f5 19. exf5 Qe8 20. Rec1 Qh5 21.
Bd3 Nc5 22. b4 Nxd3 23. Qxd3 Bg5 24. Rc8 Rf7 25. Rxf8+ Rxf8 26. Rc7 Bxe3 27.
Qxe3 Qxf5 28. Qe4 Qg5+ 29. Qg4 Qxg4+ 30. fxg4 Rf7 31. Rc8+ Rf8 32. Rc3 Rf4 33.
f3 h6 34. Rc8+ Rf8 35. Rc7 Rf7 36. Rc8+ Rf8 37. Rc7 Rf7 38. Rxf7 Kxf7 39. Nc4
Nd7 40. Nxd6+ Ke7 41. Nf5+ Kf6 42. Kf2 b5 43. Ke3 Nb6 44. Ke4 Na4 45. Ke3 Nb6
46. d6 h5 47. Ke4 hxg4 48. fxg4 g5 49. h4 gxh4 50. Nxh4 Ke6 51. Nf5 Nd7 52. g5
Nf8 53. Nh4 Kxd6 54. g6 Nd7 55. g7 Nf6+ 56. Kf5 Ng8 57. Ng6 Nh6+ 58. Ke4 1-0

[Event "47th Biel Master Open"]
[Site "Biel SUI"]
[Date "2014.07.17"]
[Round "4.13"]
[White "Misiano, Franco"]
[Black "Rambaldi, Francesco"]
[Result "1-0"]
[WhiteTitle "FM"]
[BlackTitle "FM"]
[WhiteElo "2288"]
[BlackElo "2444"]
[WhiteFideId "804746"]
[BlackFideId "20657307"]
[EventDate "2014.07.14"]

1. e4 e6 2. d4 d5 3. Nd2 Be7 4. Bd3 c5 5. dxc5 Nf6 6. Qe2 O-O 7. Ngf3 a5 8. O-O
Na6 9. e5 Nd7 10. c3 Naxc5 11. Bc2 b5 12. Re1 b4 13. Nd4 Qc7 14. Qe3 bxc3 15.
bxc3 Ba6 16. Qh3 g6 17. f4 Nd3 18. Bxd3 Qxc3 19. N2f3 Bxd3 20. Bd2 Qb2 21. Kh1
Be4 22. Nc6 Bc5 23. Ng5 h5 24. Nxe4 dxe4 25. Be3 Qb7 26. Nd4 Bb4 27. Red1 Nc5
28. a3 Bc3 29. Rab1 Qc8 30. Nb5 Nd3 31. g4 hxg4 32. Qxg4 Rb8 33. Nd6 Qc6 34. Qg2
Rxb1 35. Rxb1 Rd8 36. Qg5 Rf8 37. h4 Bd2 38. Nxf7 Kxf7 39. Qf6+ Kg8 40. Qxg6+
Kh8 41. Qh5+ 1-0

[Event "47th Biel Master Open"]
[Site "Biel SUI"]
[Date "2014.07.17"]
[Round "4.14"]
[White "Cherniaev, Alexander"]
[Black "Grandadam, Nicolas"]
[Result "1-0"]
[WhiteTitle "GM"]
[BlackTitle "FM"]
[WhiteElo "2434"]
[BlackElo "2306"]
[WhiteFideId "4117301"]
[BlackFideId "681806"]
[EventDate "2014.07.14"]

1. d4 d5 2. Nf3 Nf6 3. g3 c6 4. Bg2 Bf5 5. c4 e6 6. Nc3 Be7 7. Qb3 Qb6 8. c5
Qxb3 9. axb3 Ne4 10. b4 Nxc3 11. bxc3 Be4 12. Rg1 Nd7 13. Bf1 a6 14. Nd2 Bg6 15.
f3 O-O-O 16. e4 h5 17. h3 h4 18. g4 Bg5 19. Nc4 Bxc1 20. Nd6+ Kc7 21. Rxc1 Ra8
22. Ra1 Nf6 23. e5 Ne8 24. f4 Nxd6 25. cxd6+ Kd7 26. Ke2 Rhg8 27. Ke3 Bc2 28.
Ra2 Be4 29. c4 g6 30. Be2 Rgc8 31. Ra3 Rf8 32. Rga1 Bg2 33. Rg1 Be4 34. Rf1 Rg8
35. Rf2 Bh1 36. Rh2 Be4 37. Bf1 Rgf8 38. Rha2 Bh1 39. Rh2 Be4 40. Ra1 f6 41.
Rha2 f5 42. gxf5 gxf5 43. b5 dxc4 44. bxa6 b5 45. Bg2 Bd3 46. a7 Rg8 47. Kf2 c3
48. Ra6 Be4 49. Bxe4 fxe4 50. Rb6 c2 51. Rb7+ Kd8 52. Ke3 Rg3+ 53. Kxe4 Ra3 54.
Rg1 Rg3 55. Rb8+ Kd7 56. Rxa8 1-0

[Event "47th Biel Master Open"]
[Site "Biel SUI"]
[Date "2014.07.17"]
[Round "4.15"]
[White "Terraz, Christian"]
[Black "Vokarev, Sergey"]
[Result "0-1"]
[BlackTitle "GM"]
[WhiteElo "2074"]
[BlackElo "2432"]
[WhiteFideId "1301810"]
[BlackFideId "4119711"]
[EventDate "2014.07.14"]

1. d4 Nf6 2. Nf3 g6 3. Nc3 d5 4. Bf4 Bg7 5. e3 O-O 6. Be2 c6 7. Ne5 Nfd7 8. Qd2
f6 9. Nxd7 Nxd7 10. e4 e5 11. dxe5 fxe5 12. Bg5 Qb6 13. O-O-O d4 14. Na4 Qc7 15.
b3 b5 16. Nb2 a5 17. h4 Nc5 18. f3 a4 19. Nd3 Nxd3+ 20. Bxd3 Be6 21. Kb1 c5 22.
c4 axb3 23. axb3 bxc4 0-1

[Event "47th Biel Master Open"]
[Site "Biel SUI"]
[Date "2014.07.17"]
[Round "4.16"]
[White "Raetsky, Alexander"]
[Black "Kamber, Bruno"]
[Result "1-0"]
[WhiteTitle "GM"]
[BlackTitle "FM"]
[WhiteElo "2431"]
[BlackElo "2258"]
[WhiteFideId "4103203"]
[BlackFideId "1300504"]
[EventDate "2014.07.14"]

1. e4 c5 2. Nf3 e6 3. d4 cxd4 4. Nxd4 Nc6 5. Nc3 Qc7 6. f4 a6 7. Nxc6 bxc6 8. e5
f6 9. Bd3 Nh6 10. exf6 gxf6 11. Qh5+ Nf7 12. Bd2 Bg7 13. O-O f5 14. Rae1 Qb6+
15. Kh1 Qxb2 16. Na4 Qa3 17. Nb6 Rb8 18. Nxc8 Rxc8 19. Qxf5 Qxa2 20. Qh3 Bf6 21.
g4 h6 22. Qg2 Rg8 23. h3 h5 24. g5 h4 25. Qf2 Be7 26. Qxh4 Qd5+ 27. Kh2 c5 28.
Qh7 Rh8 29. Qe4 Qxe4 30. Rxe4 Rc6 31. Ra4 d5 32. Bxa6 Nd6 33. Bd3 Kf7 34. Ra7
Rhc8 35. Bc3 d4 36. Bb2 R6c7 37. Rfa1 c4 38. Be2 Nf5 39. Rxc7 Rxc7 40. Bg4 Bd6
41. Bc1 c3 42. Kg2 Ne3+ 43. Bxe3 dxe3 44. Kf3 Rc4 45. Ra6 Rxf4+ 46. Kxe3 Be5 47.
Rxe6 Rxg4 48. Rxe5 Rg3+ 49. Kd4 Rxh3 50. Re3 Rh5 51. Rg3 Kg6 52. Kxc3 Rh8 53.
Kb2 Re8 54. c4 Rb8+ 55. Kc3 Rc8 56. Kd4 Rd8+ 57. Ke5 Rc8 58. Rc3 Kxg5 59. c5 1-0

[Event "47th Biel Master Open"]
[Site "Biel SUI"]
[Date "2014.07.17"]
[Round "4.17"]
[White "Antoli Royo, Joaquin Miguel"]
[Black "Hasenohr, Benedict"]
[Result "0-1"]
[WhiteTitle "IM"]
[WhiteElo "2443"]
[BlackElo "2232"]
[WhiteFideId "2259532"]
[BlackFideId "1303309"]
[EventDate "2014.07.14"]

1. d4 d5 2. c4 e6 3. Nf3 Nf6 4. e3 Nbd7 5. b3 Ne4 6. Bd3 Bb4+ 7. Nfd2 Qh4 8. O-O
f5 9. Nf3 Qf6 10. Bb2 Bd6 11. Qc1 c6 12. Ba3 Bb8 13. Nc3 Kf7 14. Ne1 Qh6 15. f4
Nxc3 16. Qxc3 g5 17. Nf3 gxf4 18. exf4 Bxf4 19. cxd5 Nf6 20. dxe6+ Bxe6 21. Bc1
Be3+ 22. Kh1 Nd5 23. Qc5 Rhf8 24. Bxe3 Nxe3 25. Rfe1 Rae8 26. Qd6 f4 27. Bc4 Kg7
28. Qc7+ Kh8 29. Qxb7 Rg8 30. Qxc6 Qg7 31. Re2 Nxc4 32. bxc4 Bd7 33. Qd5 Rxe2 0-1

[Event "47th Biel Master Open"]
[Site "Biel SUI"]
[Date "2014.07.17"]
[Round "4.18"]
[White "Ditzler, Juerg"]
[Black "Gallagher, Joseph G."]
[Result "0-1"]
[BlackTitle "GM"]
[WhiteElo "2040"]
[BlackElo "2484"]
[WhiteFideId "1300571"]
[BlackFideId "1303422"]
[EventDate "2014.07.14"]

1. Nf3 Nf6 2. d4 g6 3. c4 Bg7 4. Nc3 O-O 5. e4 d6 6. Be2 Na6 7. h3 e5 8. Be3
exd4 9. Bxd4 Re8 10. e5 dxe5 11. Bxe5 Bf5 12. Qxd8 Raxd8 13. O-O Ne4 14. Bxg7
Kxg7 15. Nxe4 Rxe4 16. Rfe1 Nb4 17. Bf1 Rxe1 18. Nxe1 Rd2 19. a3 Nc6 20. b4 Nd4
21. g4 Be4 22. Bg2 Nb3 0-1

[Event "47th Biel Master Open"]
[Site "Biel SUI"]
[Date "2014.07.17"]
[Round "4.19"]
[White "Benkovic, Petar"]
[Black "Cochet, Jean-Daniel"]
[Result "1-0"]
[WhiteTitle "IM"]
[WhiteElo "2434"]
[BlackElo "2061"]
[WhiteFideId "922641"]
[BlackFideId "1307592"]
[EventDate "2014.07.14"]

1. d4 f5 2. g3 Nf6 3. Bg2 g6 4. Nf3 Bg7 5. O-O O-O 6. b3 d6 7. Bb2 c6 8. Nbd2 e5
9. dxe5 Ng4 10. Nc4 d5 11. Ncd2 Qe7 12. c4 Rd8 13. cxd5 cxd5 14. h3 Nh6 15. Ne1
f4 16. gxf4 Nc6 17. Ndf3 Nf5 18. e3 d4 19. exd4 Bh6 20. d5 Nh4 21. d6 Nxf3+ 22.
Nxf3 Qf8 23. Ng5 1-0

[Event "47th Biel Master Open"]
[Site "Biel SUI"]
[Date "2014.07.17"]
[Round "4.20"]
[White "Donchenko, Anatoly"]
[Black "Urban, Lars"]
[Result "1-0"]
[WhiteTitle "IM"]
[WhiteElo "2360"]
[BlackElo "2051"]
[WhiteFideId "4106091"]
[BlackFideId "4644034"]
[EventDate "2014.07.14"]

1. c4 e6 2. Nf3 d5 3. d4 Nf6 4. Nc3 Nbd7 5. g3 Bb4 6. Bg2 c5 7. cxd5 Nxd5 8. Bd2
cxd4 9. Nxd5 Bxd2+ 10. Qxd2 exd5 11. Nxd4 Nf6 12. Qb4 Qe7 13. a3 a5 14. Qb5+ Bd7
15. Qd3 O-O 16. O-O Rac8 17. Rac1 Qd6 18. e3 Qb6 19. Qb3 Qxb3 20. Nxb3 b6 21.
Nd4 Rc5 22. b4 axb4 23. axb4 Rc4 24. Rxc4 dxc4 25. b5 Rc8 26. Nc6 Bxc6 27. Bxc6
Ne8 28. Rd1 Kf8 29. Kf1 Ke7 30. Rd7+ Kf6 31. Ke2 Nc7 32. Bb7 1-0

[Event "47th Biel Master Open"]
[Site "Biel SUI"]
[Date "2014.07.18"]
[Round "5.1"]
[White "Rakhmanov, Aleksandr"]
[Black "Hera, Imre Jr."]
[Result "1-0"]
[WhiteTitle "GM"]
[BlackTitle "GM"]
[WhiteElo "2626"]
[BlackElo "2561"]
[WhiteFideId "4173708"]
[BlackFideId "716855"]
[EventDate "2014.07.14"]

1. c4 c5 2. Nf3 Nc6 3. Nc3 Nd4 4. e3 Nxf3+ 5. Qxf3 g6 6. b3 Bg7 7. Bb2 d6 8. g3
h5 9. h3 Nh6 10. Bg2 Rb8 11. Qe2 Bd7 12. d3 Nf5 13. Nd5 e5 14. O-O O-O 15. Kh2
b5 16. Qd2 Ne7 17. f4 f5 18. Rae1 Nxd5 19. Bxd5+ Kh7 20. e4 h4 21. fxe5 hxg3+
22. Kg2 dxe5 23. exf5 Bxf5 24. Qe3 Bf6 25. Bc1 Bg7 26. Qxg3 Bh6 27. Bxh6 Kxh6
28. Rxe5 Qg5 29. Qxg5+ Kxg5 30. Be4 bxc4 31. bxc4 Rb2+ 32. Kg3 Rxa2 33. Rxc5 Ra3
34. Rf3 Kh6 35. Bxf5 gxf5 36. Kf4 a5 37. Rxf5 Ra8 38. Kg4 a4 39. Rh5+ Kg6 40.
Rg5+ Kh7 41. Kh5 Ra7 42. Rf6 Rg7 43. Rh6+ Kg8 44. Rd6 Rc3 45. h4 a3 46. Kh6 Rxg5
47. hxg5 Kf8 48. g6 Ke7 49. g7 Kxd6 50. g8=Q 1-0

[Event "47th Biel Master Open"]
[Site "Biel SUI"]
[Date "2014.07.18"]
[Round "5.2"]
[White "Mikhalevski, Victor"]
[Black "Adhiban, Baskaran"]
[Result "0-1"]
[WhiteTitle "GM"]
[BlackTitle "GM"]
[WhiteElo "2539"]
[BlackElo "2610"]
[WhiteFideId "2801914"]
[BlackFideId "5018471"]
[EventDate "2014.07.14"]

1. Nf3 Nf6 2. c4 g6 3. d4 Bg7 4. g3 O-O 5. Bg2 d6 6. O-O Nc6 7. Nc3 a6 8. h3 Rb8
9. e4 b5 10. d5 b4 11. Ne2 Na5 12. Ned4 c5 13. dxc6 e5 14. Nc2 Nxc6 15. Qd3 Be6
16. b3 h6 17. Bb2 Rb6 18. Rad1 Nd7 19. Nh2 Kh7 20. f4 f5 21. exf5 Bxf5 22. Qd2
Nc5 23. Bxc6 Rxc6 24. Nxb4 Qb6 25. Nd5 Nxb3+ 26. Nxb6 Nxd2 27. Rxd2 Rxb6 28. g4
Bd3 29. Rxd3 Rxb2 30. fxe5 dxe5 31. Rd7 Kg8 32. c5 Rc2 33. Rd5 e4 34. Re1 Rc4
35. c6 Bd4+ 36. Kg2 Rc2+ 37. Kh1 Bf2 38. Rb1 e3 39. Re5 Bg3 40. Rxe3 Bxh2 0-1

[Event "47th Biel Master Open"]
[Site "Biel SUI"]
[Date "2014.07.18"]
[Round "5.3"]
[White "Roiz, Michael"]
[Black "Sebenik, Matej"]
[Result "1/2-1/2"]
[WhiteTitle "GM"]
[BlackTitle "GM"]
[WhiteElo "2572"]
[BlackElo "2516"]
[WhiteFideId "2804158"]
[BlackFideId "14602296"]
[EventDate "2014.07.14"]

1. c4 Nf6 2. Nf3 e6 3. Nc3 Bb4 4. Qc2 O-O 5. a3 Bxc3 6. Qxc3 b6 7. b4 Bb7 8. Bb2
d6 9. e3 Nbd7 10. Be2 a5 11. O-O e5 12. d4 Re8 13. Nd2 exd4 14. Qxd4 Qe7 15. Qc3
Qf8 16. Rfd1 Ne4 17. Nxe4 Bxe4 18. Rac1 axb4 19. axb4 f6 20. f3 Bc6 21. Bd3 Qe7
22. e4 Ne5 23. Bb1 Qf7 24. Re1 Kh8 25. Re3 Ng6 26. Qd2 Re7 27. Bd4 Ne5 28. Rec3
Qe8 29. Re3 Qf7 30. Rec3 Qe8 31. Qb2 Ra4 32. Bc2 Ra8 33. Bf2 Qf7 34. Bb3 Qg6 35.
Bc2 Qf7 36. Bb3 Qg6 37. Bc2 Qf7 1/2-1/2

[Event "47th Biel Master Open"]
[Site "Biel SUI"]
[Date "2014.07.18"]
[Round "5.4"]
[White "Solak, Dragan"]
[Black "Cherniaev, Alexander"]
[Result "1/2-1/2"]
[WhiteTitle "GM"]
[BlackTitle "GM"]
[WhiteElo "2639"]
[BlackElo "2434"]
[WhiteFideId "916811"]
[BlackFideId "4117301"]
[EventDate "2014.07.14"]

1. e4 e5 2. Nf3 Nc6 3. Bb5 Nf6 4. d3 d6 5. O-O Bd7 6. c4 g6 7. Nc3 Bg7 8. h3 O-O
9. Be3 Be6 10. Qd2 Nd7 11. Bh6 f6 12. Bxg7 Kxg7 13. b3 Ncb8 14. d4 c6 15. d5 Bf7
16. dxc6 bxc6 17. Ba4 Nc5 18. Rad1 Nb7 19. Nh2 Qb6 20. Ng4 Be6 21. Qh6+ Kg8 22.
Rd3 Nd7 23. Rg3 Bxg4 24. Rxg4 Rf7 25. b4 Nf8 26. Rb1 Nd8 27. Rg3 Nde6 28. b5 c5
29. Nd5 Qa5 30. Bb3 Nd4 31. Rd3 Nfe6 32. Qd2 Qd8 33. Bd1 Kh8 34. Rg3 Qf8 35. a4
Qg7 36. a5 Raf8 37. b6 axb6 38. axb6 Rb7 39. Qa2 Ng5 40. Re3 f5 41. exf5 gxf5
42. f4 1/2-1/2

[Event "47th Biel Master Open"]
[Site "Biel SUI"]
[Date "2014.07.18"]
[Round "5.5"]
[White "Vokarev, Sergey"]
[Black "Shankland, Samuel L"]
[Result "1-0"]
[WhiteTitle "GM"]
[BlackTitle "GM"]
[WhiteElo "2432"]
[BlackElo "2632"]
[WhiteFideId "4119711"]
[BlackFideId "2004887"]
[EventDate "2014.07.14"]

1. e4 c5 2. Nf3 d6 3. Bb5+ Nd7 4. c3 Nf6 5. Qe2 a6 6. Ba4 e6 7. O-O Be7 8. d4 b5
9. Bc2 Bb7 10. Re1 Qc7 11. Bd3 O-O 12. Bg5 h6 13. Bh4 Rfe8 14. Nbd2 e5 15. dxe5
dxe5 16. Bxf6 Nxf6 17. c4 b4 18. Nf1 Rad8 19. Qc2 Bf8 20. Ne3 Rxd3 21. Qxd3 Bxe4
22. Qe2 Bb7 23. h3 e4 24. Nh2 h5 25. Rad1 Bd6 26. Nhf1 Be5 27. Rd2 g6 28. Red1
Qb6 29. b3 a5 30. Nc2 Kg7 31. Nce3 a4 32. Ng3 Qc7 33. Ngf1 Ra8 34. Nd5 Bxd5 35.
cxd5 Bd4 36. Ne3 axb3 37. axb3 Qf4 38. Rxd4 cxd4 39. Rxd4 Qe5 40. Qd1 g5 41. d6
Kf8 42. g3 h4 43. Nc4 Qf5 44. g4 Qf4 45. d7 Rd8 46. Ne3 Kg8 47. Rd6 Qe5 48. Nf5
Qc3 49. Ne3 Kf8 50. Kg2 Kg8 51. Nd5 Nxd5 52. Qxd5 Qf3+ 53. Kg1 Qf4 54. Rg6+ Kf8
55. Qc5+ 1-0

[Event "47th Biel Master Open"]
[Site "Biel SUI"]
[Date "2014.07.18"]
[Round "5.6"]
[White "Studer, Noel"]
[Black "Bok, Benjamin"]
[Result "1/2-1/2"]
[WhiteTitle "FM"]
[BlackTitle "GM"]
[WhiteElo "2375"]
[BlackElo "2586"]
[WhiteFideId "1319620"]
[BlackFideId "1017063"]
[EventDate "2014.07.14"]

1. e4 c5 2. Nf3 e6 3. d4 cxd4 4. Nxd4 Nc6 5. Nc3 Qc7 6. Be3 a6 7. Qd2 Nf6 8.
O-O-O Be7 9. f3 b5 10. g4 Nxd4 11. Bxd4 Bb7 12. g5 Nh5 13. Rg1 O-O 14. Bd3 e5
15. Be3 Bb4 16. a3 Bxc3 17. Qxc3 Qxc3 18. bxc3 Rac8 19. Kb2 g6 20. Bf1 Bc6 21.
Bh3 f6 22. Bg4 Ng7 23. gxf6 Rxf6 24. h4 Rcf8 25. Bc5 R8f7 26. h5 Ne8 27. Rd2 d6
28. Be3 Rxf3 29. hxg6 hxg6 30. Bxf3 Rxf3 31. Rxg6+ Kf7 32. Rgxd6 Nxd6 33. Rxd6
Bxe4 34. Bc5 Rg3 35. Rxa6 Rg2 36. a4 bxa4 37. Rxa4 Bxc2 38. Ra2 Bd3+ 39. Ka3 Rg8
40. Rf2+ Ke6 41. Rf8 Rg4 42. Rd8 Bc4 43. Bb6 Bb5 44. Rh8 Kd5 45. Rc8 Kd6 46.
Bc5+ Kd7 47. Rb8 Bc6 48. Rh8 Bd5 49. Rh5 Kc6 50. Bf8 Rg8 51. Rf5 Bc4 52. Kb4 Kd5
53. Rf7 Be2 54. Rd7+ Ke6 55. Rd6+ Kf5 56. Rd2 Rxf8 57. Rxe2 Rb8+ 58. Kc5 e4 59.
c4 Ke5 60. Re1 Rb3 61. Kc6 Rh3 62. c5 e3 63. Kb7 Rh7+ 64. Kb8 Kd5 65. Rxe3 Kxc5 1/2-1/2

[Event "47th Biel Master Open"]
[Site "Biel SUI"]
[Date "2014.07.18"]
[Round "5.7"]
[White "Cvitan, Ognjen"]
[Black "Raetsky, Alexander"]
[Result "1-0"]
[WhiteTitle "GM"]
[BlackTitle "GM"]
[WhiteElo "2535"]
[BlackElo "2431"]
[WhiteFideId "14500086"]
[BlackFideId "4103203"]
[EventDate "2014.07.14"]

1. d4 d5 2. c4 dxc4 3. e3 c5 4. Bxc4 cxd4 5. Nf3 e6 6. exd4 Nf6 7. O-O Be7 8.
Nc3 O-O 9. Re1 Nc6 10. a3 a6 11. Bf4 b5 12. d5 exd5 13. Bxd5 Bb7 14. Rc1 Rc8 15.
b4 h6 16. h3 Re8 17. Qb3 Nxd5 18. Nxd5 Bf8 19. Red1 Re4 20. Be3 Qe8 21. Bxh6 Nd4
22. Rxc8 Nxf3+ 23. Qxf3 Re1+ 24. Kh2 Bxc8 25. Nf6+ gxf6 26. Qg3+ 1-0

[Event "47th Biel Master Open"]
[Site "Biel SUI"]
[Date "2014.07.18"]
[Round "5.8"]
[White "Molner, Mackenzie"]
[Black "Misiano, Franco"]
[Result "1/2-1/2"]
[WhiteTitle "GM"]
[BlackTitle "FM"]
[WhiteElo "2504"]
[BlackElo "2288"]
[WhiteFideId "2021722"]
[BlackFideId "804746"]
[EventDate "2014.07.14"]

1. e4 e6 2. d4 d5 3. Nd2 Nf6 4. e5 Nfd7 5. Bd3 c5 6. c3 Nc6 7. Ne2 cxd4 8. cxd4
f6 9. exf6 Nxf6 10. O-O Bd6 11. Nf3 Qc7 12. Nc3 a6 13. Bd2 O-O 14. h3 Bd7 15.
Re1 Rae8 16. Rc1 Qb8 17. Na4 e5 18. dxe5 Nxe5 19. Nxe5 Bxe5 20. Be3 Bf4 21. Nc5
Bxe3 22. Rxe3 Rxe3 23. Nxd7 Rxd3 24. Nxf6+ Rxf6 25. Qxd3 Qe5 26. g3 Rf8 27. b3
h5 28. Rd1 Rf5 29. Rd2 Qf6 30. Kg2 b5 31. Rc2 Qe6 32. b4 h4 33. gxh4 Rf4 34. Rc5
Rxb4 35. Rxd5 Qe4+ 36. Qxe4 Rxe4 37. Kg3 Ra4 38. Rd2 Kh7 39. f4 1/2-1/2

[Event "47th Biel Master Open"]
[Site "Biel SUI"]
[Date "2014.07.18"]
[Round "5.9"]
[White "Hasenohr, Benedict"]
[Black "Antipov, Mikhail Al."]
[Result "0-1"]
[BlackTitle "GM"]
[WhiteElo "2232"]
[BlackElo "2502"]
[WhiteFideId "1303309"]
[BlackFideId "4107012"]
[EventDate "2014.07.14"]

1. d4 Nf6 2. c4 e6 3. Nc3 Bb4 4. Qc2 c5 5. dxc5 Qc7 6. a3 Bxc5 7. e3 a6 8. Nf3
O-O 9. b3 Be7 10. Bb2 d6 11. Be2 Nbd7 12. O-O b6 13. Rac1 Bb7 14. Nd2 Rac8 15.
Bf3 Ne5 16. Bxb7 Qxb7 17. Qb1 b5 18. cxb5 axb5 19. f4 Neg4 20. Qd3 d5 21. b4 Rb8
22. h3 Nh6 23. g4 Ne8 24. Ne2 Nd6 25. Be5 f6 26. Bxd6 Bxd6 27. Nd4 Rfe8 28. N2b3
Nf7 29. Na5 Qd7 30. Nac6 Rb6 31. Na5 e5 32. Ndb3 exf4 33. exf4 Bf8 34. Rce1 Rbe6
35. Rxe6 Rxe6 36. Nd4 Re4 37. Nxb5 Qe6 38. Nc3 Re3 39. Qxd5 Qc8 40. Nb5 Rxh3 41.
Qg2 Rh4 42. f5 Ne5 43. Rf4 Qc1+ 44. Qf1 Qe3+ 45. Qf2 Qh3 46. Qg2 Qd3 47. Nc7
Qd1+ 48. Qf1 Qc2 49. Qf2 Qc1+ 50. Qf1 Qxc7 51. Qd1 Nd3 0-1

[Event "47th Biel Master Open"]
[Site "Biel SUI"]
[Date "2014.07.18"]
[Round "5.10"]
[White "Erdos, Viktor"]
[Black "Donchenko, Anatoly"]
[Result "1/2-1/2"]
[WhiteTitle "GM"]
[BlackTitle "IM"]
[WhiteElo "2648"]
[BlackElo "2360"]
[WhiteFideId "719978"]
[BlackFideId "4106091"]
[EventDate "2014.07.14"]

1. c4 e6 2. g3 d5 3. Bg2 dxc4 4. Qa4+ Nd7 5. Qxc4 Ngf6 6. Nf3 c5 7. Qb3 a6 8. a4
Bd6 9. d3 O-O 10. a5 Rb8 11. O-O b5 12. axb6 Nxb6 13. Na3 Bd7 14. Qc2 Nfd5 15.
Bd2 Nb4 16. Qb1 a5 17. Bc3 Qc7 18. Rc1 Rfc8 19. Nd2 N6d5 20. Nac4 Nxc3 21. Rxc3
Nd5 22. Rca3 a4 23. Qc2 Be7 24. Ne4 Nb6 25. b3 Nxc4 26. bxc4 Bf6 27. Nxf6+ 1/2-1/2

[Event "47th Biel Master Open"]
[Site "Biel SUI"]
[Date "2014.07.18"]
[Round "5.11"]
[White "Lampert, Jonas"]
[Black "Bartel, Mateusz"]
[Result "1/2-1/2"]
[BlackTitle "GM"]
[WhiteElo "2421"]
[BlackElo "2644"]
[WhiteFideId "1303759"]
[BlackFideId "1112635"]
[EventDate "2014.07.14"]

1. d4 Nf6 2. c4 e6 3. Nc3 Bb4 4. Nf3 O-O 5. Bg5 h6 6. Bh4 c5 7. Rc1 cxd4 8. Nxd4
Nc6 9. e3 a6 10. Be2 e5 11. Nb3 g5 12. Bg3 Ne4 13. Bd3 d5 14. cxd5 Qxd5 15. O-O
Bxc3 16. Bxe4 Qxe4 17. Nc5 Qg6 18. Rxc3 Rd8 19. Qb3 b5 20. Rd3 Bf5 21. Rxd8+
Rxd8 22. Rd1 Rc8 23. Qd5 Bc2 24. Qd7 Bf5 25. Qd5 Bg4 26. f3 Qc2 27. Rd2 Qc1+ 28.
Rd1 Qc2 29. Rd2 Qc1+ 1/2-1/2

[Event "47th Biel Master Open"]
[Site "Biel SUI"]
[Date "2014.07.18"]
[Round "5.12"]
[White "Bartel, Marta"]
[Black "Ganguly, Surya Shekhar"]
[Result "1/2-1/2"]
[WhiteTitle "WGM"]
[BlackTitle "GM"]
[WhiteElo "2328"]
[BlackElo "2619"]
[WhiteFideId "1123009"]
[BlackFideId "5002150"]
[EventDate "2014.07.14"]

1. d4 Nc6 2. Nf3 d5 3. Bf4 Bg4 4. e3 e6 5. c4 Bd6 6. Bxd6 Qxd6 7. Nc3 Nge7 8.
cxd5 exd5 9. Be2 O-O 10. O-O f5 11. g3 Kh8 12. Nb5 Qd7 13. Ne5 Nxe5 14. dxe5 a6
15. Nd4 c5 16. Nb3 b6 17. f4 Bxe2 18. Qxe2 a5 19. Nd2 a4 20. a3 b5 21. Nf3 h6
22. Rfd1 Qb7 23. Rac1 Rac8 24. h3 Qb6 25. Kh2 b4 26. axb4 Qxb4 27. Rc2 Rb8 28.
Rdc1 Rb5 29. e6 Rf6 30. Ne5 c4 31. Qh5 Rxe6 32. Qe8+ Kh7 33. Nd7 Re4 34. Nf8+
Kh8 35. Ng6+ Kh7 36. Nf8+ Kh8 37. Ng6+ Kh7 38. Nf8+ 1/2-1/2

[Event "47th Biel Master Open"]
[Site "Biel SUI"]
[Date "2014.07.18"]
[Round "5.13"]
[White "Swiercz, Dariusz"]
[Black "Minko, Vladimir"]
[Result "1-0"]
[WhiteTitle "GM"]
[BlackTitle "FM"]
[WhiteElo "2617"]
[BlackElo "2308"]
[WhiteFideId "1126881"]
[BlackFideId "24146706"]
[EventDate "2014.07.14"]

1. d4 d5 2. Nf3 Nf6 3. c4 e6 4. Nc3 Bb4 5. Qa4+ Nc6 6. e3 O-O 7. Qc2 dxc4 8.
Bxc4 a6 9. O-O Qe7 10. e4 e5 11. Bg5 Bxc3 12. bxc3 Bg4 13. d5 Nb8 14. Nh4 h6 15.
Be3 Ne8 16. Ng6 Qd6 17. Nxf8 Kxf8 18. Bd3 Nd7 19. c4 Nc5 20. Bxc5 Qxc5 21. Qb2 1-0

[Event "47th Biel Master Open"]
[Site "Biel SUI"]
[Date "2014.07.18"]
[Round "5.14"]
[White "Banusz, Tamas"]
[Black "Rudolf, Anna"]
[Result "1-0"]
[WhiteTitle "GM"]
[BlackTitle "WGM"]
[WhiteElo "2595"]
[BlackElo "2277"]
[WhiteFideId "722413"]
[BlackFideId "722855"]
[EventDate "2014.07.14"]

1. Nf3 d5 2. g3 Nf6 3. Bg2 e6 4. c4 Be7 5. d4 O-O 6. O-O dxc4 7. Qc2 a6 8. a4
Bd7 9. Qxc4 Bc6 10. Bf4 a5 11. Nc3 Na6 12. Ne5 Bxg2 13. Kxg2 Nd5 14. Rad1 Nab4
15. Bd2 Nxc3 16. bxc3 Qd5+ 17. e4 Qxc4 18. Nxc4 Na6 19. Rb1 b6 20. g4 Nb8 21. f4
Nd7 22. f5 Rfb8 23. Bf4 Rb7 24. Rf2 g6 25. Kf3 g5 26. Bg3 exf5 27. gxf5 h5 28.
h3 Nf6 29. Rg2 Kf8 30. Bh2 Rab8 31. Rgb2 Re8 32. Be5 Nd7 33. Bg3 Nf6 34. Rb5 g4+
35. hxg4 hxg4+ 36. Ke3 Nh5 37. Bf4 Ra7 38. Rh1 Nxf4 39. Kxf4 f6 40. Rb2 Bd6+ 41.
Nxd6 cxd6 42. Rh8+ 1-0

[Event "47th Biel Master Open"]
[Site "Biel SUI"]
[Date "2014.07.18"]
[Round "5.15"]
[White "Donchenko, Alexander"]
[Black "Meier, Volker"]
[Result "1-0"]
[WhiteTitle "IM"]
[BlackTitle "FM"]
[WhiteElo "2499"]
[BlackElo "2255"]
[WhiteFideId "24603295"]
[BlackFideId "4605802"]
[EventDate "2014.07.14"]

1. d4 Nf6 2. c4 e6 3. Nf3 d5 4. g3 dxc4 5. Bg2 a6 6. O-O b5 7. Ne5 Nd5 8. a4 Bb7
9. axb5 axb5 10. Rxa8 Bxa8 11. e4 Nf6 12. Nc3 Be7 13. Nxb5 Bxe4 14. Bxe4 Nxe4
15. Qg4 Ng5 16. h4 h5 17. Qe2 Nh7 18. Qxh5 O-O 19. Rd1 Qd5 20. Nc3 Qb7 21. Qe2
Nf6 22. Qxc4 Rd8 23. Qe2 Nbd7 24. Bg5 c5 25. Nxd7 Rxd7 26. Bxf6 gxf6 27. d5 e5
28. Qg4+ Kh8 29. Re1 Rd8 30. Re4 Rg8 31. Qh5+ Kg7 32. Rg4+ Kf8 33. Qh6+ 1-0